书目信息 |
| 题名: |
披露中国奇案怪案
|
|
| 作者: | 苏殿远 著 | |
| 分册: | ||
| 出版信息: | 北京 作家出版社 2002 |
|
| 页数: | 425页 | |
| 开本: | 21cm | |
| 丛书名: | ||
| 单 册: | ||
| 中图分类: | I253.1 , I25 | |
| 科图分类: | ||
| 主题词: | 报告文学--中国--现代--选集 , 刑事犯罪--案例--中国--现代 , 报告文学 , 刑事犯罪 , 案例 | |
| 电子资源: | ||
| ISBN: | 7-5063-2370-2 | |
| 000 | 00846nam0 2200277 450 | |
| 001 | 1536464023 | |
| 005 | 20150121100812.60 | |
| 010 | @a7-5063-2370-2@dCNY22.00 | |
| 100 | @a20020703d2002 em y0chiy0110 ea | |
| 101 | 0 | @achi |
| 102 | @aCN@b110000 | |
| 105 | @ay z 000zy | |
| 200 | 1 | @a披露中国奇案怪案@9pi lu zhong guo qi an guai an@f苏殿远著 |
| 210 | @a北京@c作家出版社@d2002 | |
| 215 | @a425页@d21cm | |
| 330 | @a本书是一部披露当代中国十分罕见的大案、特案、要案、奇案的纪实文学,包括“天使和魔鬼只有一步之遥”、“靓女申冤未果含冤死”等。 | |
| 606 | 0 | @a报告文学@y中国@z现代@j选集 |
| 606 | 0 | @a刑事犯罪@x案例@y中国@z现代 |
| 606 | 0 | @a报告文学 |
| 606 | 0 | @a刑事犯罪 |
| 606 | 0 | @a案例 |
| 690 | @aI253.1@v5 | |
| 690 | @aI25@v4 | |
| 701 | 0 | @a苏殿远@9su dian yuan@4著 |
| 801 | 0 | @aCN@bTSSF@c20150121 |
| 905 | @aZUCC@dI25@eJY259 | |
| 披露中国奇案怪案/苏殿远著.-北京:作家出版社,2002 |
| 425页;21cm |
| ISBN 7-5063-2370-2:CNY22.00 |
| 本书是一部披露当代中国十分罕见的大案、特案、要案、奇案的纪实文学,包括“天使和魔鬼只有一步之遥”、“靓女申冤未果含冤死”等。 |
| ● |
| 相关链接 |
|
|
|
|
正题名:披露中国奇案怪案
索取号:I25/JY259
 
预约/预借
| 序号 | 登录号 | 条形码 | 馆藏地/架位号 | 状态 | 备注 |
| 1 | 7856270 | 278562707 | 学院路分馆/ [索取号:I25/JY259] | 在馆 |